The caller
| Main Author: | |
|---|---|
| Format: | Book |
| Published: |
London :
Simon & Schuster UK Ltd. ,
2017
|
| Subjects: |
MARC
| LEADER | 00000cam a2200000 7i4500 | ||
|---|---|---|---|
| 001 | 0000214607 | ||
| 005 | 20170706.0 | ||
| 020 | |a 9781471156311 | ||
| 090 | 0 | 0 | |a F |b CAR |
| 100 | 1 | |a Carter, Chris | |
| 245 | 1 | 4 | |a The caller |c Chris Carter |
| 260 | |a London : |b Simon & Schuster UK Ltd. , |c 2017 | ||
| 300 | |a 470p. ; |c 23cm. | ||
| 650 | 0 | |a Fiction | |
| 999 | |a 00340199 |b BUKU |c PINJAMAN |e PERPUSTAKAAN KOMUNITI PETALING JAYA | ||